000 00443nam a2200157 i 4500
001 bg
100 1 _aURBAŃCZYK, Grzegorz W.
245 0 _aFizyka włókna :
_bwłasności fizyczne włókien /
_cGrzegorz W. Urbańczyk.
260 _aWarszawa :
_bWydawnictwa Naukowo-Techniczne,
_c1974.
650 9 _aWłókna
_xfizyka
040 _cBPK
041 0 _apol
080 _a677.1/.5:53
942 _cKS
008 s pl f |000 0 pol
999 _c35527
_d35527
856 _uhttp://koha.tu.koszalin.pl/cgi-bin/koha/opac-detail.pl?biblionumber=35527
_yKatalog online BPK